|
|
|
|
| LEADER |
00895cam a2200265 7i4500 |
| 001 |
0000031111 |
| 005 |
20180528090000.0 |
| 008 |
180528s2002 my x 0 eng |
| 020 |
0 |
0 |
|a 983411303X
|
| 040 |
|
|
|a eng
|
| 090 |
0 |
0 |
|a HF 5616 .M4
|b T3 2002
|
| 100 |
0 |
0 |
|a Tan Liong Tong
|
| 245 |
1 |
0 |
|a An application handbook on MASB 25, Income taxes
|c Tan Liong Tong.
|
| 264 |
|
1 |
|a Kuala Lumpur:
|b MRM Publishing,
|c 2002.
|
| 264 |
|
4 |
|c ♭ 2002.
|
| 300 |
|
|
|a 113 pages;
|c 21 cm..
|
| 336 |
|
|
|a text
|2 rdacontent<U+0009>
|
| 337 |
|
|
|a unmediated
|2 rdamedia<U+0009>
|
| 338 |
|
|
|a volume
|2 rdacarrier<U+0009>
|
| 490 |
0 |
0 |
|a MRM handbook series
|
| 590 |
|
|
|a Pusat Pengajian Perniagaan dan Pengurusan Maritim
|
| 650 |
0 |
0 |
|a Accounting --
|x Standards --
|z Malaysia
|
| 710 |
2 |
1 |
|a Moores Rowland Malaysia
|
| 710 |
2 |
1 |
|a Malaysian Accounting Standards Board
|
| 999 |
|
|
|a 1100014618
|b Book
|c Rujukan
|e KOLEKSI RUJUKAN
|